000 00663nam a2200193Ia 4500
005 20240530104053.0
008 140319s1985 xx 000 0 ara d
040 _aGCL /
_cGCL
082 0 4 _a811.9
_bع ا
100 1 _aعفاف عزيز اباظة
245 1 0 _aابى عزيز اباظه /
_cعفاف عزيز اباظه
260 _aالقاهرة :
_bدار الكتاب المصرى،
_c1985
260 _aالقاهرة :
_bدار الكتاب اللبنانى ،
_c1985
300 _a118 ص ؛
_c22 سم
650 0 4 _aالشعر العربى
650 0 4 _aعزيز اباظه
942 _2ddc
_cBK
999 _c44417
_d44417